[Event "Qatar Masters Open 2015"]
[Site "Doha QAT"]
[Date "2015.12.26"]
[Round "6.51"]
[White "Kashlinskaya, Alina"]
[Black "Khademalsharieh, Sarasadat"]
[Result "0-1"]
[WhiteElo "2448"]
[BlackElo "2380"]
[PlyCount "100"]
[EventDate "2015.12.20"]
[EventType "swiss"]
[EventRounds "9"]
[EventCountry "QAT"]
[Source "lmi"]
[SourceDate "2015.12.20"]

1. d4 Nf6 2. c4 e6 3. g3 d5 4. Nf3 Bb4+ 5. Bd2 Bd6 6. Nc3 c6 7. Qc2 Nbd7 8. e4
dxe4 9. Nxe4 Nxe4 10. Qxe4 Nf6 11. Qc2 Qe7 12. O-O-O Bd7 13. Ne5 a5 14. Rg1 c5
15. Nxd7 Nxd7 16. d5 e5 17. f4 O-O 18. Bd3 Nf6 19. Rde1 Rfe8 20. g4 e4 21. Bf1
Qc7 22. g5 Nh5 23. Rxe4 Nxf4 24. h4 Nh5 25. Bd3 Rxe4 26. Bxe4 g6 27. Bf3 Ng7
28. Bg4 Be5 29. Kb1 Bd4 30. Rf1 Qh2 31. Bf4 Qxh4 32. Qg2 Re8 33. d6 Re1+ 34.
Rxe1 Qxe1+ 35. Kc2 Qb4 36. Kd3 Bxb2 37. Bd2 Qb6 38. Qd5 Kf8 39. Bf4 Bd4 40. d7
Ke7 41. Bd6+ Kd8 42. Ke4 Nf5 43. Bxf5 Qb1+ 44. Kf3 Qxf5+ 45. Qxf5 gxf5 46. a4
Kxd7 47. Bf4 f6 48. gxf6 Bxf6 49. Bd2 b6 50. Bf4 Be7 0-1

[Event "Qatar Masters Open 2015"]
[Site "Doha QAT"]
[Date "2015.12.26"]
[Round "6.52"]
[White "Vaishali, R."]
[Black "Firat, Burak"]
[Result "0-1"]
[WhiteElo "2313"]
[BlackElo "2446"]
[PlyCount "70"]
[EventDate "2015.12.20"]
[EventType "swiss"]
[EventRounds "9"]
[EventCountry "QAT"]
[Source "lmi"]
[SourceDate "2015.12.20"]

1. Nf3 Nf6 2. g3 d5 3. Bg2 c5 4. c4 d4 5. b4 cxb4 6. a3 b3 7. d3 Nc6 8. O-O e5
9. Nbd2 Be7 10. Nxb3 O-O 11. e3 dxe3 12. Bxe3 Re8 13. d4 exd4 14. Nfxd4 Nxd4
15. Nxd4 Ng4 16. Bf4 Bf6 17. Nb5 Bxa1 18. Qxa1 g5 19. Bc1 Be6 20. Qc3 Rc8 21.
Bb2 f6 22. c5 b6 23. c6 a6 24. Nd4 Bd5 25. Bh3 Ne5 26. f4 gxf4 27. Rxf4 Rc7 28.
Nf5 Rxc6 29. Qd2 Nf3+ 30. Rxf3 Bxf3 31. Nh6+ Kf8 32. Bd7 Re2 33. Qb4+ Rc5 34.
Qd4 Rd5 35. Qb4+ Qe7 0-1

[Event "Qatar Masters Open 2015"]
[Site "Doha QAT"]
[Date "2015.12.26"]
[Round "6.53"]
[White "Puranik, Abhimanyu"]
[Black "Pratyusha, Bodda"]
[Result "1-0"]
[WhiteElo "2442"]
[BlackElo "2260"]
[PlyCount "53"]
[EventDate "2015.12.20"]
[EventType "swiss"]
[EventRounds "9"]
[EventCountry "QAT"]
[Source "lmi"]
[SourceDate "2015.12.20"]

1. b3 e5 2. Bb2 Nc6 3. e3 Nf6 4. Bb5 Bd6 5. Na3 a6 6. Bxc6 dxc6 7. Nc4 Qe7 8.
a4 a5 9. Ne2 O-O 10. O-O e4 11. Ng3 Re8 12. f4 Ng4 13. h3 Qh4 14. Qe1 Nh6 15.
Nxd6 cxd6 16. f5 Qd8 17. Nh5 Qg5 18. Nxg7 Re5 19. Bxe5 dxe5 20. f6 Bxh3 21. Qf2
Rd8 22. d4 exd4 23. exd4 Rd6 24. Nh5 Nf5 25. Nf4 Bg4 26. Rae1 Bf3 27. Qxf3 1-0

[Event "Qatar Masters Open 2015"]
[Site "Doha QAT"]
[Date "2015.12.26"]
[Round "6.54"]
[White "Ezat, Mohamed"]
[Black "Guramishvili, Sopiko"]
[Result "0-1"]
[WhiteElo "2490"]
[BlackElo "2368"]
[PlyCount "78"]
[EventDate "2015.12.20"]
[EventType "swiss"]
[EventRounds "9"]
[EventCountry "QAT"]
[Source "lmi"]
[SourceDate "2015.12.20"]

1. d4 d5 2. Nf3 e6 3. g3 Nf6 4. c4 dxc4 5. Bg2 c5 6. O-O Nc6 7. Qa4 Bd7 8. Qxc4
b5 9. Qd3 c4 10. Qd1 Rc8 11. b3 cxb3 12. axb3 Qb6 13. Bb2 Be7 14. Nc3 O-O 15.
e4 Nb4 16. Ne5 Rfd8 17. Nxd7 Rxd7 18. Qe2 a6 19. d5 Rdc7 20. d6 Bxd6 21. e5
Bxe5 22. Qxe5 Nd3 23. Qe2 Nxb2 24. Ne4 Rc2 25. Nxf6+ gxf6 26. Qg4+ Kf8 27. Qb4+
Qc5 28. Qh4 Ke7 29. Be4 Rd2 30. Rxa6 Qd4 31. Qf4 Re2 32. Bf3 Qxf4 33. gxf4 Rd2
34. f5 Rg8+ 35. Kh1 Nd3 36. Ra7+ Kd6 37. Ra6+ Ke5 38. h4 Nxf2+ 39. Kh2 Ne4+ 0-1

[Event "Qatar Masters Open 2015"]
[Site "Doha QAT"]
[Date "2015.12.26"]
[Round "6.55"]
[White "Seyb, Alexander"]
[Black "Neelotpal, Das"]
[Result "1/2-1/2"]
[WhiteElo "2425"]
[BlackElo "2475"]
[PlyCount "26"]
[EventDate "2015.12.20"]
[EventType "swiss"]
[EventRounds "9"]
[EventCountry "QAT"]
[Source "lmi"]
[SourceDate "2015.12.20"]

1. e4 e5 2. Nf3 Nc6 3. Bb5 a6 4. Ba4 Nf6 5. O-O Be7 6. Re1 b5 7. Bb3 O-O 8. c3
d6 9. h3 Bb7 10. d4 Re8 11. Ng5 Rf8 12. Nf3 Re8 13. Ng5 Rf8 1/2-1/2

[Event "Qatar Masters Open 2015"]
[Site "Doha QAT"]
[Date "2015.12.26"]
[Round "6.56"]
[White "Gholami, Aryan"]
[Black "Krush, Irina"]
[Result "0-1"]
[WhiteElo "2422"]
[BlackElo "2468"]
[PlyCount "122"]
[EventDate "2015.12.20"]
[EventType "swiss"]
[EventRounds "9"]
[EventCountry "QAT"]
[Source "lmi"]
[SourceDate "2015.12.20"]

1. d4 Nf6 2. Bf4 d5 3. e3 e6 4. Nf3 c5 5. c3 Nc6 6. Nbd2 Bd6 7. Bg3 O-O 8. Bd3
b6 9. Ne5 Bb7 10. O-O Ne7 11. Qb1 Qc7 12. f4 g6 13. Bh4 Ne8 14. Qe1 f6 15. Nef3
Ng7 16. g4 Nc6 17. Bg3 e5 18. fxe5 fxe5 19. Bb5 e4 20. Bxc6 Bxc6 21. Bxd6 Qxd6
22. Ne5 Bb5 23. Rxf8+ Rxf8 24. a4 Bd3 25. Qg3 Ne6 26. Nxd3 Qxg3+ 27. hxg3 exd3
28. Rd1 Ng5 29. c4 Nh3+ 30. Kg2 Nf2 31. Rf1 Nxg4 32. Rxf8+ Kxf8 33. Kf3 cxd4
34. exd4 Nf6 35. cxd5 Nxd5 36. Ke4 Nb4 37. Ke5 Ke7 38. d5 Kd7 39. Ne4 Na6 40.
Nd2 Nb4 41. Ne4 a5 42. Nd2 Na6 43. Nc4 Kc7 44. d6+ Kc6 45. Ke6 Nc5+ 46. Ke7 Kd5
47. Nd2 h5 48. b4 axb4 49. Nb3 Nb7 50. d7 Kc4 51. a5 bxa5 52. Nd2+ Kb5 53. Ne4
Kc6 54. Nd6 d2 55. Nxb7 d1=Q 56. Nd8+ Kb5 57. Nf7 Qxd7+ 58. Kxd7 b3 59. Nd6+
Kb4 60. Ne4 b2 61. Nd2 a4 0-1

[Event "Qatar Masters Open 2015"]
[Site "Doha QAT"]
[Date "2015.12.26"]
[Round "6.57"]
[White "Moroni, Luca Jr"]
[Black "Christiansen, Johan-Sebastian"]
[Result "1-0"]
[WhiteElo "2466"]
[BlackElo "2385"]
[PlyCount "69"]
[EventDate "2015.12.20"]
[EventType "swiss"]
[EventRounds "9"]
[EventCountry "QAT"]
[Source "lmi"]
[SourceDate "2015.12.20"]

1. d4 d5 2. c4 dxc4 3. e3 e5 4. Bxc4 exd4 5. exd4 Nf6 6. Nf3 Bd6 7. Qe2+ Qe7 8.
Qxe7+ Bxe7 9. O-O Nbd7 10. Re1 Nb6 11. Bb3 Nfd5 12. Nc3 c6 13. h3 a5 14. Re2
Be6 15. Bg5 Bb4 16. Bd2 O-O 17. Ng5 Bd7 18. a3 Nxc3 19. bxc3 Bd6 20. a4 c5 21.
Rb1 Ra6 22. Bc2 Bxa4 23. Bxh7+ Kh8 24. dxc5 Bxc5 25. Bd3 Ra7 26. Re4 Bc6 27.
Rh4+ Kg8 28. Bh7+ Kh8 29. Re1 a4 30. Re5 a3 31. Ne4 a2 32. Bg8+ Kxg8 33. Nf6+
gxf6 34. Rg4+ Kh7 35. Rh5# 1-0

[Event "Qatar Masters Open 2015"]
[Site "Doha QAT"]
[Date "2015.12.26"]
[Round "6.58"]
[White "Venkatesh, M.R."]
[Black "Bartel, Marta"]
[Result "1-0"]
[WhiteElo "2451"]
[BlackElo "2271"]
[PlyCount "59"]
[EventDate "2015.12.20"]
[EventType "swiss"]
[EventRounds "9"]
[EventCountry "QAT"]
[Source "lmi"]
[SourceDate "2015.12.20"]

1. e4 c5 2. b3 g6 3. Bb2 Nf6 4. h4 d6 5. h5 g5 6. Bxf6 exf6 7. Bb5+ Nc6 8. Nc3
f5 9. exf5 Bxf5 10. Qf3 Qd7 11. Nge2 O-O-O 12. d4 Bg4 13. Qg3 cxd4 14. Nxd4 Bg7
15. Nxc6 bxc6 16. Ba6+ Kb8 17. O-O Be5 18. Qd3 Bxh5 19. Rae1 f5 20. b4 f4 21.
b5 Bg6 22. Qc4 c5 23. b6 axb6 24. Rb1 Ka7 25. Bb5 Qb7 26. Qa4+ Kb8 27. Bc6 Bxc2
28. Rxb6 Bxa4 29. Rxb7+ Kc8 30. Nxa4 1-0

[Event "Qatar Masters Open 2015"]
[Site "Doha QAT"]
[Date "2015.12.26"]
[Round "6.59"]
[White "Bivol, Alina"]
[Black "Vogel, Roven"]
[Result "1/2-1/2"]
[WhiteElo "2344"]
[BlackElo "2439"]
[PlyCount "61"]
[EventDate "2015.12.20"]
[EventType "swiss"]
[EventRounds "9"]
[EventCountry "QAT"]
[Source "lmi"]
[SourceDate "2015.12.20"]

1. e4 e5 2. Nf3 Nc6 3. d4 exd4 4. Nxd4 Bc5 5. Be3 Qf6 6. c3 Nge7 7. Nf5 Bb6 8.
Bxb6 axb6 9. Ne3 O-O 10. Bd3 d6 11. O-O Qf4 12. Na3 Bd7 13. Nb5 Rac8 14. Nd4
Ne5 15. Bc2 Ng4 16. Nxg4 Bxg4 17. Qc1 Qf6 18. Qe3 Rfe8 19. Ba4 c6 20. Qg3 Bd7
21. f4 b5 22. Bc2 c5 23. e5 Qh6 24. exd6 cxd4 25. dxe7 dxc3 26. bxc3 Rxe7 27.
Rad1 Qf6 28. Bxh7+ Kxh7 29. Rxd7 Rxc3 30. Rd3 Qb6+ 31. Kh1 1/2-1/2

[Event "Qatar Masters Open 2015"]
[Site "Doha QAT"]
[Date "2015.12.26"]
[Round "6.60"]
[White "Goriatchkin, Jouri"]
[Black "Padmini, Rout"]
[Result "1/2-1/2"]
[WhiteElo "2318"]
[BlackElo "2437"]
[PlyCount "61"]
[EventDate "2015.12.20"]
[EventType "swiss"]
[EventRounds "9"]
[EventCountry "QAT"]
[Source "lmi"]
[SourceDate "2015.12.20"]

1. d4 Nf6 2. c4 e6 3. Nf3 d5 4. Nc3 Be7 5. e3 O-O 6. b3 c5 7. dxc5 dxc4 8. Qxd8
Rxd8 9. Bxc4 Bxc5 10. O-O Nc6 11. Bb2 Bd7 12. Rfd1 Be8 13. Rac1 Rxd1+ 14. Rxd1
h6 15. Nb5 Rc8 16. Be2 a6 17. Nbd4 Nxd4 18. Nxd4 Bxd4 19. Bxd4 Rc2 20. Bf3 Bc6
21. Bxc6 bxc6 22. Bxf6 gxf6 23. g4 Kg7 24. Rd4 Rxa2 25. Rc4 a5 26. Rxc6 a4 27.
bxa4 Rxa4 28. h3 Ra5 29. Kg2 f5 30. Kg3 fxg4 31. hxg4 1/2-1/2

[Event "Qatar Masters Open 2015"]
[Site "Doha QAT"]
[Date "2015.12.26"]
[Round "6.62"]
[White "Konguvel, Ponnuswamy"]
[Black "Abdusattorov, Nodirbek"]
[Result "0-1"]
[WhiteElo "2377"]
[BlackElo "2429"]
[PlyCount "90"]
[EventDate "2015.12.20"]
[EventType "swiss"]
[EventRounds "9"]
[EventCountry "QAT"]
[Source "lmi"]
[SourceDate "2015.12.20"]

1. e4 e5 2. Nf3 Nc6 3. Bb5 a6 4. Bxc6 dxc6 5. O-O Bd6 6. d4 exd4 7. Qxd4 f6 8.
Be3 Ne7 9. Nbd2 Be6 10. Rad1 O-O 11. Nc4 Bxh2+ 12. Kxh2 Qxd4 13. Rxd4 c5 14.
Rd2 Bxc4 15. Rfd1 Ng6 16. Rd7 Rac8 17. Bxc5 Rfe8 18. Re1 b6 19. Ba3 Bb5 20. Rd2
Bc6 21. Rde2 Rcd8 22. b3 Bb7 23. Bb2 Kf7 24. Kg3 c5 25. Nd2 h5 26. Nf3 Re6 27.
Re3 Ne7 28. Rd3 Rxd3 29. cxd3 g5 30. Bc3 a5 31. Re3 Ng6 32. d4 cxd4 33. Bxd4
Bxe4 34. Bxb6 Ne7 35. Nd4 Rxb6 36. Rxe4 Rb4 37. Kf3 f5 38. Rxe7+ Kxe7 39. Nc6+
Kd6 40. Nxb4 axb4 41. g3 Ke5 42. Ke3 f4+ 43. gxf4+ gxf4+ 44. Kf3 Kf5 45. Kg2
Ke4 0-1

[Event "Qatar Masters Open 2015"]
[Site "Doha QAT"]
[Date "2015.12.26"]
[Round "6.63"]
[White "Derakhshani, Dorsa"]
[Black "Haria, Ravi"]
[Result "1-0"]
[WhiteElo "2307"]
[BlackElo "2416"]
[PlyCount "87"]
[EventDate "2015.12.20"]
[EventType "swiss"]
[EventRounds "9"]
[EventCountry "QAT"]
[Source "lmi"]
[SourceDate "2015.12.20"]

1. e4 e6 2. d4 d5 3. Nc3 Bb4 4. e5 Ne7 5. a3 Bxc3+ 6. bxc3 c5 7. Qg4 Qc7 8. Bd3
cxd4 9. Ne2 dxc3 10. Qxg7 Rg8 11. Qxh7 Qxe5 12. h4 Nd7 13. Bf4 Qf6 14. Bg5 Qh8
15. Qxh8 Rxh8 16. Nxc3 a6 17. O-O-O f6 18. Be3 Ne5 19. Be2 Nf5 20. h5 Bd7 21.
Bf4 Rc8 22. Bxe5 fxe5 23. Rh3 Ke7 24. Rf1 Nd6 25. Nd1 d4 26. f3 Nc4 27. Bxc4
Rxc4 28. Rf2 Kf6 29. g4 b5 30. Rg2 Bc6 31. g5+ Kg7 32. Nf2 Rc3 33. h6+ Kg6 34.
Nd3 Rxd3 35. cxd3 Rh7 36. Rhg3 Rf7 37. Rh2 a5 38. Rc2 Bd5 39. Rc8 Rb7 40. Rf8
b4 41. Rf6+ Kh5 42. g6 bxa3 43. h7 Rb8 44. g7 1-0

[Event "Qatar Masters Open 2015"]
[Site "Doha QAT"]
[Date "2015.12.26"]
[Round "6.64"]
[White "Pourkashiyan, Atousa"]
[Black "Siva, Mahadevan"]
[Result "1/2-1/2"]
[WhiteElo "2322"]
[BlackElo "2400"]
[PlyCount "102"]
[EventDate "2015.12.20"]
[EventType "swiss"]
[EventRounds "9"]
[EventCountry "QAT"]
[Source "lmi"]
[SourceDate "2015.12.20"]

1. e4 c5 2. Nf3 d6 3. d4 cxd4 4. Nxd4 Nf6 5. Nc3 Nc6 6. Bg5 e6 7. Qd2 a6 8.
O-O-O Bd7 9. f4 b5 10. Bxf6 gxf6 11. Kb1 b4 12. Nce2 Qb6 13. Nxc6 Bxc6 14. f5
e5 15. Ng3 h5 16. Bd3 h4 17. Nf1 Bh6 18. Qe1 Bf4 19. Nd2 Ke7 20. Nf3 a5 21.
Nxh4 a4 22. Nf3 b3 23. Nd2 a3 24. cxb3 axb2 25. Nc4 Qc5 26. Qg1 Qxg1 27. Rdxg1
Bxh2 28. Re1 Rag8 29. Re2 d5 30. exd5 Bxd5 31. Ne3 Ba8 32. Bc4 Bf4 33. Rxh8
Rxh8 34. Nd5+ Bxd5 35. Bxd5 Rd8 36. Be4 Bc1 37. a4 Kd6 38. Rc2 Rb8 39. Rc6+ Kd7
40. Rc3 Rb4 41. Bc6+ Kc7 42. Bd5+ Kb8 43. Bxf7 Rf4 44. Bc4 e4 45. Rc2 Rxf5 46.
b4 Re5 47. b5 f5 48. a5 f4 49. a6 Ka7 50. Be2 Re7 51. Rc6 Be3 1/2-1/2

[Event "Qatar Masters Open 2015"]
[Site "Doha QAT"]
[Date "2015.12.26"]
[Round "6.65"]
[White "Li, Ruofan"]
[Black "Slavin, Alexey"]
[Result "1-0"]
[WhiteElo "2372"]
[BlackElo "2388"]
[PlyCount "108"]
[EventDate "2015.12.20"]
[EventType "swiss"]
[EventRounds "9"]
[EventCountry "QAT"]
[Source "lmi"]
[SourceDate "2015.12.20"]

1. d4 Nf6 2. c4 e6 3. Nc3 Bb4 4. Qc2 c5 5. dxc5 Bxc5 6. Nf3 Qb6 7. e3 Be7 8.
Be2 O-O 9. O-O a6 10. e4 d6 11. Be3 Qc7 12. Nd4 Nbd7 13. f4 b6 14. b3 Bb7 15.
Bf3 Rac8 16. Rac1 Rfe8 17. Kh1 Bf8 18. Qe2 Qb8 19. e5 Bxf3 20. Nxf3 Ng4 21. Bd4
dxe5 22. fxe5 Bc5 23. Bxc5 Rxc5 24. Ne4 Ra5 25. c5 bxc5 26. Nd6 Rf8 27. Qe4 f5
28. Qc4 Re8 29. Nxe8 Qxe8 30. Qe2 c4 31. bxc4 Ndxe5 32. c5 Nc6 33. h3 Nf6 34.
Ng5 Nd4 35. Qc4 Ra4 36. Qd3 Qc6 37. a3 h6 38. Nf3 Nxf3 39. Rxf3 Ne4 40. Qd8+
Kh7 41. Qb6 Qd5 42. c6 Rc4 43. Rxc4 Qxc4 44. c7 Ng5 45. Re3 Qc1+ 46. Kh2 f4 47.
Qb7 fxe3 48. c8=Q Qd1 49. Qf8 Qa1 50. Qbb8 e2 51. Qg8+ Kg6 52. Qbe8+ Kf5 53.
Qgf8+ Ke4 54. Qb4+ Kf5 1-0

[Event "Qatar Masters Open 2015"]
[Site "Doha QAT"]
[Date "2015.12.27"]
[Round "7.12"]
[White "Matlakov, Maxim"]
[Black "Grandelius, Nils"]
[Result "0-1"]
[WhiteElo "2684"]
[BlackElo "2632"]
[PlyCount "92"]
[EventDate "2015.12.20"]
[EventType "swiss"]
[EventRounds "9"]
[EventCountry "QAT"]
[Source "lmi"]
[SourceDate "2015.12.20"]

1. d4 Nf6 2. c4 e6 3. g3 d5 4. Bg2 Bb4+ 5. Bd2 Be7 6. Nf3 O-O 7. O-O c6 8. Bf4
Nbd7 9. Nc3 dxc4 10. e4 b5 11. d5 Qb6 12. Be3 Bc5 13. dxc6 Qxc6 14. e5 Nd5 15.
Nd4 Qa6 16. a4 Nxe3 17. fxe3 b4 18. Ncb5 Rb8 19. Nc6 Rb6 20. Nc7 Qb7 21. Ne7+
Bxe7 22. Bxb7 Rxb7 23. Nb5 Nxe5 24. Qd4 f6 25. Rad1 Rd7 26. Qe4 Bc5 27. Rxd7
Bxd7 28. Nd4 Bxa4 29. Ra1 Bd7 30. Ra5 Bb6 31. Rxe5 fxe5 32. Qxe5 c3 33. bxc3
bxc3 34. Nxe6 Rf6 35. Nf4 c2 36. Qd5+ Be6 37. Qd2 Bb3 38. Qc3 Rf7 39. Ne2 Bd5
40. h4 h5 41. g4 hxg4 42. h5 g3 43. Qe5 Bf3 44. Nc1 Rf6 45. Nd3 g2 46. h6 Bc6
0-1

[Event "Qatar Masters Open 2015"]
[Site "Doha QAT"]
[Date "2015.12.27"]
[Round "7.14"]
[White "Akopian, Vladimir"]
[Black "Tregubov, Pavel V"]
[Result "1-0"]
[WhiteElo "2648"]
[BlackElo "2589"]
[PlyCount "47"]
[EventDate "2015.12.20"]
[EventType "swiss"]
[EventRounds "9"]
[EventCountry "QAT"]
[Source "lmi"]
[SourceDate "2015.12.20"]

1. e4 c5 2. Nf3 e6 3. d4 cxd4 4. Nxd4 Nc6 5. Nc3 Qc7 6. Be3 a6 7. Qd2 Nf6 8.
O-O-O Bb4 9. f3 Na5 10. Nb3 d5 11. exd5 Nxd5 12. Bd4 Bxc3 13. bxc3 O-O 14. Kb2
Nc4+ 15. Bxc4 Qxc4 16. Rhe1 Bd7 17. Re4 Qc7 18. c4 f5 19. Be5 Qc8 20. Rd4 Nb6
21. c5 Na4+ 22. Kc1 Bc6 23. Qg5 g6 24. Qe7 1-0

[Event "Qatar Masters Open 2015"]
[Site "Doha QAT"]
[Date "2015.12.27"]
[Round "7.15"]
[White "Khairullin, Ildar"]
[Black "Xu, Yinglun"]
[Result "0-1"]
[WhiteElo "2647"]
[BlackElo "2470"]
[PlyCount "116"]
[EventDate "2015.12.20"]
[EventType "swiss"]
[EventRounds "9"]
[EventCountry "QAT"]
[Source "lmi"]
[SourceDate "2015.12.20"]

1. d4 d5 2. c4 e6 3. Nc3 Be7 4. Bf4 Nf6 5. e3 O-O 6. Nf3 b6 7. Bd3 Ba6 8. Qe2
c5 9. dxc5 bxc5 10. O-O Nc6 11. a3 dxc4 12. Bxc4 Bxc4 13. Qxc4 Rc8 14. Rfd1 Qb6
15. Na4 Qb7 16. Nxc5 Bxc5 17. Qxc5 Qxb2 18. Rab1 Qe2 19. Rdc1 Ne4 20. Qc2 Qxc2
21. Rxc2 Ne7 22. Rbc1 Rxc2 23. Rxc2 f6 24. Rc4 Rc8 25. Rxc8+ Nxc8 26. Bc7 e5
27. Kf1 Kf7 28. Ke1 Nb6 29. Bxb6 axb6 30. Nd2 Nc3 31. e4 Ke6 32. f3 Kd6 33. Kf2
Kc5 34. Ke3 Nb5 35. a4 Nc3 36. Kd3 Nxa4 37. Nc4 b5 38. Ne3 Nb2+ 39. Kc3 Nc4 40.
Nf5 b4+ 41. Kb3 g6 42. Ne7 Ne3 43. g4 Nf1 44. Ng8 Nxh2 45. Nxf6 Nxf3 46. Nxh7
Nd2+ 47. Kc2 Nxe4 48. Nf8 g5 49. Kb3 Kb5 50. Ng6 Nc5+ 51. Kc2 e4 52. Ne5 Ka4
53. Nc4 Nd3 54. Kd2 b3 55. Ke3 Ne5 56. Nd2 Nxg4+ 57. Kxe4 Nf6+ 58. Kd4 g4 0-1

[Event "Qatar Masters Open 2015"]
[Site "Doha QAT"]
[Date "2015.12.27"]
[Round "7.19"]
[White "Moiseenko, Alexander"]
[Black "Zhang, Zhong"]
[Result "0-1"]
[WhiteElo "2689"]
[BlackElo "2619"]
[PlyCount "120"]
[EventDate "2015.12.20"]
[EventType "swiss"]
[EventRounds "9"]
[EventCountry "QAT"]
[Source "lmi"]
[SourceDate "2015.12.20"]

1. d4 Nf6 2. c4 e6 3. Nc3 Bb4 4. e3 O-O 5. Nge2 Re8 6. a3 Bf8 7. Ng3 d5 8. Be2
b6 9. cxd5 exd5 10. b4 a6 11. O-O Bb7 12. Bb2 Nbd7 13. Qb3 c6 14. Bf3 b5 15. e4
Nb6 16. e5 Nfd7 17. Rae1 Nc4 18. Bc1 a5 19. Bg4 axb4 20. axb4 Bc8 21. Qb1 Nb8
22. Bxc8 Qxc8 23. f4 Qa6 24. f5 Qb6 25. Nce2 Rxe5 26. Kh1 Re8 27. Nh5 Nd7 28.
Qb3 Qd8 29. Qg3 Nf6 30. Nef4 Rxe1 31. Qxe1 Nd6 32. Qc3 Ra6 33. Qh3 Nde4 34. Nd3
Ra1 35. g4 Nxh5 36. gxh5 h6 37. f6 Nxf6 38. Ne5 Qd6 39. Qc3 Ra6 40. Qf3 Qxb4
41. Be3 Qe7 42. Qg2 Nxh5 43. Bxh6 f6 44. Nf3 Qe4 45. Qh3 Qg6 46. Bd2 Ra3 47.
Qe6+ Kh7 48. Qh3 Ra7 49. Qc8 Bd6 50. Qxc6 Qd3 51. Kg2 Nf4+ 52. Bxf4 Bxf4 53.
Qxd5 b4 54. Qe6 Qc2+ 55. Kh1 b3 56. Qg4 Bh6 57. Ne1 Qc6+ 58. Nf3 b2 59. Qf5+ g6
60. Qd3 Ra1 0-1

[Event "Qatar Masters Open 2015"]
[Site "Doha QAT"]
[Date "2015.12.27"]
[Round "7.20"]
[White "Howell, David W L"]
[Black "Hamdouchi, Hicham"]
[Result "1-0"]
[WhiteElo "2688"]
[BlackElo "2597"]
[PlyCount "93"]
[EventDate "2015.12.20"]
[EventType "swiss"]
[EventRounds "9"]
[EventCountry "QAT"]
[Source "lmi"]
[SourceDate "2015.12.20"]

1. Nf3 Nf6 2. c4 c6 3. g3 d5 4. Bg2 g6 5. b3 Bg7 6. Bb2 O-O 7. O-O Bf5 8. d3
Qc8 9. Re1 Bh3 10. Bh1 h6 11. Nbd2 Re8 12. Rc1 Qd8 13. Rc2 Nbd7 14. Qa1 e5 15.
cxd5 Nxd5 16. Nc4 Qe7 17. a3 N5b6 18. Na5 Rab8 19. Qc1 f5 20. e4 f4 21. d4 exd4
22. Qxf4 d3 23. Bxg7 Kxg7 24. Ra2 Ne5 25. Qd2 Nxf3+ 26. Bxf3 Qe5 27. Re3 Red8
28. Qb2 Qxb2 29. Rxb2 d2 30. Bd1 Be6 31. f3 Rd7 32. Kf2 Rbd8 33. Rc3 Nc8 34.
Rcc2 Nd6 35. a4 c5 36. Ke3 c4 37. Nxc4 Nxc4+ 38. bxc4 Rd3+ 39. Ke2 b6 40. c5
bxc5 41. Rxc5 R3d4 42. Rc7+ Kf6 43. Rxa7 g5 44. Ra6 Ke7 45. Rb7+ R8d7 46. Rxd7+
Rxd7 47. Rc6 1-0

[Event "Qatar Masters Open 2015"]
[Site "Doha QAT"]
[Date "2015.12.27"]
[Round "7.21"]
[White "Lu, Shanglei"]
[Black "Fedoseev, Vladimir"]
[Result "1/2-1/2"]
[WhiteElo "2618"]
[BlackElo "2664"]
[PlyCount "66"]
[EventDate "2015.12.20"]
[EventType "swiss"]
[EventRounds "9"]
[EventCountry "QAT"]
[Source "lmi"]
[SourceDate "2015.12.20"]

1. e4 c5 2. Nf3 d6 3. d4 cxd4 4. Nxd4 Nf6 5. Nc3 a6 6. Be3 e5 7. Nb3 Be6 8. f3
h5 9. Qd2 Be7 10. O-O-O Nbd7 11. Kb1 b5 12. Nd5 Bxd5 13. exd5 Nb6 14. Bxb6 Qxb6
15. Na5 Rc8 16. Nc6 Nxd5 17. Nxe7 Nxe7 18. Qxd6 Qxd6 19. Rxd6 Nc6 20. c3 h4 21.
a4 Ke7 22. Rd5 Ke6 23. Rc5 Kd6 24. b4 Na7 25. axb5 axb5 26. Rxc8 Rxc8 27. Kb2
Kc7 28. Be2 Rd8 29. Kc2 Rd6 30. Rd1 Rxd1 31. Bxd1 Nc8 32. Kd3 Nd6 33. Bb3 g5
1/2-1/2

[Event "Qatar Masters Open 2015"]
[Site "Doha QAT"]
[Date "2015.12.27"]
[Round "7.22"]
[White "Duda, Jan-Krzysztof"]
[Black "Bok, Benjamin"]
[Result "1/2-1/2"]
[WhiteElo "2663"]
[BlackElo "2594"]
[PlyCount "58"]
[EventDate "2015.12.20"]
[EventType "swiss"]
[EventRounds "9"]
[EventCountry "QAT"]
[Source "lmi"]
[SourceDate "2015.12.20"]

1. d4 Nf6 2. c4 g6 3. Nc3 d5 4. Bf4 Bg7 5. e3 O-O 6. Rc1 Be6 7. c5 c6 8. Bd3
Bc8 9. Bg5 b6 10. b4 a5 11. b5 bxc5 12. dxc5 Nbd7 13. bxc6 Nxc5 14. Bxf6 Bxf6
15. Be2 Bxc3+ 16. Rxc3 Ne4 17. Rc2 a4 18. f3 Qa5+ 19. Kf1 Nf6 20. g4 Ba6 21.
Kf2 Rfc8 22. Qd4 Rab8 23. Qa7 Rb6 24. g5 Ne8 25. Nh3 Rc7 26. Qa8 Rc8 27. Qa7
Rc7 28. Qa8 Rc8 29. Qa7 Rc7 1/2-1/2

[Event "Qatar Masters Open 2015"]
[Site "Doha QAT"]
[Date "2015.12.27"]
[Round "7.23"]
[White "Bologan, Viktor"]
[Black "Al-Sayed, Mohammed"]
[Result "1-0"]
[WhiteElo "2654"]
[BlackElo "2520"]
[PlyCount "43"]
[EventDate "2015.12.20"]
[EventType "swiss"]
[EventRounds "9"]
[EventCountry "QAT"]
[Source "lmi"]
[SourceDate "2015.12.20"]

1. d4 Nf6 2. c4 g6 3. Nc3 Bg7 4. e4 d6 5. Nge2 O-O 6. Ng3 h5 7. Be2 Nbd7 8. f4
h4 9. Nf1 e5 10. fxe5 dxe5 11. d5 Nh7 12. g4 c6 13. h3 Re8 14. Be3 g5 15. Nd2
Ndf8 16. Nf3 Bf6 17. Qb3 Ng6 18. O-O-O Qa5 19. c5 Nf4 20. Bc4 Qc7 21. d6 Qd7
22. Bxf4 1-0

[Event "Qatar Masters Open 2015"]
[Site "Doha QAT"]
[Date "2015.12.27"]
[Round "7.24"]
[White "Li, Di"]
[Black "Khismatullin, Denis"]
[Result "1/2-1/2"]
[WhiteElo "2389"]
[BlackElo "2654"]
[PlyCount "94"]
[EventDate "2015.12.20"]
[EventType "swiss"]
[EventRounds "9"]
[EventCountry "QAT"]
[Source "lmi"]
[SourceDate "2015.12.20"]

1. d4 g6 2. e4 Bg7 3. Nc3 c6 4. Nf3 d6 5. Be2 Nf6 6. O-O O-O 7. h3 Nbd7 8. a4
Qc7 9. Be3 b6 10. Qc1 Bb7 11. Bh6 Rae8 12. Qg5 e5 13. Bxg7 Kxg7 14. dxe5 Nxe5
15. Nd4 Bc8 16. f4 h6 17. Qg3 Ned7 18. Bf3 Bb7 19. Rae1 a6 20. Kh1 Kh7 21. Qh4
Kg7 22. Qg3 Kh7 23. Qh4 c5 24. Nb3 Bc6 25. Nd2 b5 26. axb5 axb5 27. e5 dxe5 28.
fxe5 Ng8 29. Bxc6 Qxc6 30. Nf3 Kg7 31. b4 Ne7 32. bxc5 Nf5 33. Nd4 Nxh4 34.
Nxc6 Nf5 35. Rxf5 gxf5 36. Nxb5 Kg6 37. Nc7 Nxc5 38. Nxe8 Rxe8 39. Nd4 Ne6 40.
Nf3 Rc8 41. Re2 f4 42. Kg1 Rc3 43. Kf2 Ng5 44. Nd4 Rc4 45. Nb5 Ne4+ 46. Kf3
Ng5+ 47. Kf2 Ne4+ 1/2-1/2

[Event "Qatar Masters Open 2015"]
[Site "Doha QAT"]
[Date "2015.12.27"]
[Round "7.25"]
[White "Vidit, Santosh Gujrathi"]
[Black "Karavade, Eesha"]
[Result "1-0"]
[WhiteElo "2644"]
[BlackElo "2379"]
[PlyCount "97"]
[EventDate "2015.12.20"]
[EventType "swiss"]
[EventRounds "9"]
[EventCountry "QAT"]
[Source "lmi"]
[SourceDate "2015.12.20"]

1. Nf3 Nf6 2. g3 d5 3. Bg2 c6 4. O-O Bg4 5. d3 Nbd7 6. h3 Bxf3 7. Bxf3 e6 8. e4
dxe4 9. dxe4 Bc5 10. Qe2 e5 11. Nd2 O-O 12. a4 a5 13. h4 Qc7 14. Bg2 Rfe8 15.
Bh3 Nf8 16. Nb3 Bb6 17. Bg5 N6d7 18. Rad1 Nc5 19. Nxc5 Bxc5 20. Qc4 Bb6 21. h5
h6 22. Bh4 Kh8 23. Rd3 f6 24. Rfd1 Rad8 25. Bf5 Rxd3 26. Rxd3 Rd8 27. g4 Rxd3
28. Qxd3 Qe7 29. Qb3 Bc5 30. Kf1 b6 31. Ke2 Qc7 32. f3 Qe7 33. Qc4 g6 34. hxg6
Kg7 35. b3 Qe8 36. Qf7+ Qxf7 37. gxf7 Kxf7 38. Be1 Ne6 39. Bxe6+ Kxe6 40. Bd2
Bf8 41. Be3 c5 42. Kd3 Kd6 43. Kc4 Kc6 44. Bc1 Bg7 45. Bd2 Bf8 46. c3 Bg7 47.
b4 Bf8 48. bxa5 bxa5 49. Be3 1-0